|
|
|
|
| LEADER |
00678nam a22002172a 4500 |
| 001 |
001349090 |
| 003 |
CZ BrMZK |
| 005 |
20131127130336.0 |
| 007 |
ta |
| 008 |
131127s1965 xr af er|||||||||||cze d |
| 015 |
|
|
|a cnb000482030
|
| 035 |
|
|
|a (OCoLC)42110451
|
| 040 |
|
|
|a BOA001
|b cze
|
| 100 |
1 |
|
|a Richter, František
|7 jx20050530016
|4 aut
|
| 245 |
1 |
0 |
|a Reprodukce z barevných diapozitivů /
|c František Richter
|
| 260 |
|
|
|a Praha :
|b Státní nakladatelství technické literatury,
|c 1965
|
| 300 |
|
|
|a 207 s., obr. příl. :
|b il.
|
| 910 |
|
|
|a BOA001
|b 2-0535.553
|
| 990 |
|
|
|a BK
|
| 991 |
|
|
|b 201311
|
| 996 |
6 |
|
|b 2619038463
|c 2-0535.553
|l HP2
|r DEN
|n 0
|w 001383956
|u 000010
|a 1
|e BOA001
|j MZK50
|s P
|